LEADER 01240nam--2200397---450- 001 990002709410203316 005 20060213090854.0 010 $a0-19-280262-3 035 $a000270941 035 $aUSA01000270941 035 $a(ALEPH)000270941USA01 035 $a000270941 100 $a20060213d2004----km-y0itay0103----ba 101 0 $aeng 102 $aGB 105 $aa|||z|||001yy 200 1 $aSelected writings$fJohn Ruskin$gedited with an introduction and notes by Dinah Birch 210 $aOxford$cOxford University Press$d2004 215 $aXXXVIII, 324 p.$cill.$d20 cm 225 2 $aOxford world's classics 410 0$12001$aOxford world's classics 454 1$12001 461 1$1001-------$12001 676 $a828.8 700 1$aRUSKIN,$bJohn$011255 702 1$aBIRCH,$bDinah 801 0$aIT$bsalbc$gISBD 912 $a990002709410203316 951 $aVII.3.A. 1977 (II i A 1207)$b19440 Ing.$cII i A$d00176000 951 $aVII.3.A. 1977a (II i A 1207 a)$b19441 Ing.$cII i A$d00176001 951 $aVII.3.A. 1977b (II i A 1207 b)$b19442 Ing.$cII i A$d00176002 959 $aBK 969 $aUMA 979 $aANNAMARIA$b90$c20060213$lUSA01$h0908 996 $aSelected writings$91001812 997 $aUNISA LEADER 03241nam 2200673Ia 450 001 9910781033403321 005 20230721005843.0 010 $a1-282-59186-X 010 $a9786612591860 010 $a90-485-1178-X 035 $a(CKB)2550000000012131 035 $a(EBL)542562 035 $a(OCoLC)645097375 035 $a(SSID)ssj0000417246 035 $a(PQKBManifestationID)11276217 035 $a(PQKBTitleCode)TC0000417246 035 $a(PQKBWorkID)10361052 035 $a(PQKB)10481681 035 $a(MiAaPQ)EBC542562 035 $a(Au-PeEL)EBL542562 035 $a(CaPaEBR)ebr10373184 035 $a(CaONFJC)MIL259186 035 $a(EXLCZ)992550000000012131 100 $a20081022d2009 uy 0 101 0 $aeng 135 $aur|n|---||||| 181 $ctxt 182 $cc 183 $acr 200 14$aThe European repository landscape, 2008$b[electronic resource] $einventory of digital respositories for research output in the EU /$fMaurits van der Graaf ; (edited by Marjan Vernooy-Gerritsen) 210 $aAmsterdam $cAmsterdam University Press$dc2009 215 $a1 online resource (169 p.) 225 0 $aTrends in research information management 300 $a"SURF Foundation". 300 $a"This work contains descriptions of the DRIVER II project findings ... produced with the assistance of the European Union" - t.p. verso. 311 $a90-8964-190-4 327 $aThe European Repository Landscape 2008; Trends in Research Information Management; Contents; About the Contributors; About the DRIVER Studies; 1. Introduction; 2. Development of a Repository Infrastructure; References; 3. Research Repositories in Europe; 4. Contents and related Issues; 5. Technical Infrastructure and technical Issues; 6. Institutional Policies; 7. Services created on top of the Research Repositories; 8. Stimulants and Inhibitors for maintaining Repositories; 9. A new Development: thematic Repositories; 10. Quantitative Assessment of the Contents of institutional Repositories 327 $a11. Quantitative Assessment of the Contents of thematic Repositories12. Questionnaire for the institutional Repositories; 13. Questionnaire for the thematic/non-institutional Repositories 330 $aIt is widely acknowledged that a common knowledge base for European research is necessary. Research repositories are an important innovation to the scientific information infrastructure. In 2006, digital repositories in the 27 countries of the European we 410 0$aSurf / EU driver 606 $aInstitutional repositories$zEuropean Union countries 606 $aDigital libraries$zEuropean Union countries 606 $aLibrary surveys 615 0$aInstitutional repositories 615 0$aDigital libraries 615 0$aLibrary surveys. 676 $a004 700 $aGraaf$b Maurits van der$01516578 701 $aVernooy-Gerritsen$b Marjan$f1952-$01471112 712 02$aDRIVER (Project : Europe) 712 02$aEuropean Union. 712 02$aStichting SURF. 801 0$bMiAaPQ 801 1$bMiAaPQ 801 2$bMiAaPQ 906 $aBOOK 912 $a9910781033403321 996 $aThe European repository landscape, 2008$93753140 997 $aUNINA LEADER 01437nas 2200457- 450 001 9910269353503321 005 20240516213016.0 035 $a(OCoLC)1050959903 035 $a(CKB)4340000000113354 035 $a(CONSER)--2022222664 035 $a(EXLCZ)994340000000113354 100 $a20180811a20139999 --- - 101 0 $aspa 135 $aur|n||||||||| 181 $ctxt$2rdacontent 182 $cc$2rdamedia 183 $acr$2rdacarrier 200 00$aHorizontes y raíces $erevista de pensamiento social 210 1$aHavana, Cuba :$cUniversidad de La Habana, Facultad de Filosofía e Historia,$d2013- 215 $a1 online resource 300 $aRefereed/Peer-reviewed 311 08$a2311-2034 517 1 $aRevista de pensamiento social 517 1 $aHR 531 1 $aHoriz. raíces 606 $aPhilosophy$vPeriodicals 606 $aHistory$vPeriodicals 606 $aPhilosophy$2fast$3(OCoLC)fst01060777 606 $aHistory$2fast$3(OCoLC)fst00958235 608 $aPeriodicals.$2lcgft 608 $aPeriodicals.$2fast 615 0$aPhilosophy 615 0$aHistory 615 7$aPhilosophy 615 7$aHistory 712 02$aUniversidad de La Habana.$bFacultad de Filosofía e Historia, 712 02$aUniversidad de La Habana.$bFacultad de Filosofía, Historia y Sociología, 906 $aJOURNAL 912 $a9910269353503321 996 $aHorizontes y raíces$92838158 997 $aUNINA